00349pab a2200133 454500008004000000100001600040245005100056260000900107300001600116362001100132650002000143700001800163773003400181180718b2003 xxu||||| |||| 00| 0 eng d aNayar, K.R. aCooperatising medical care: a leap in the dark c2003 ap.2121-122. a31 May aHealth services aRazum, Oliver aEconomic and Political Weekly